01339nab a22002177a 4500003000400000005001700004008004100021040000700062100002500069245007800094260007300172300001200245500004500257505050600302505008900808650001800897650002300915650002600938650001200964773014500976OSt20251210104419.0190604e xxu||||| |||| 00| 0 spa d cPJ aGaray, Oscar Ernesto13aLa historia clínica tradicional (HC manuscrita) /cOscar Ernesto Garay. aCiudad Autónoma de Buenos Aires :bThomson Reuters La Ley, c2025. ap. 5-12 aCita Online: TR LALEY AR/DOC/1928/2025.  aSumario: I. La historia clínica (tradicional o manuscrita —en soporte papel—).— II. Historia clínica y ética médica.— III. La regulación de la historia clínica en la ley 26.529.— IV. Historia clínica. Definición.— V. Contenido.— VI. Historia clínica. Características.— VII. Titular de la historia clínica.— VIII. Requerimiento de copia de la HC por el titular. Autorizados.— IX. Copia de resguardo .— X. Habeas data.— XI. Soporte de la historia clínica. t¿Te interesa el texto completo? Solicitalo al correo: koha@justierradelfuego.gov.ar 0aDERECHO CIVIL 0aHISTORIA CLÍNICA 0aRESPONSABILIDAD CIVIL 0aÉTICA0 02714dCiudad Autónoma de Buenos Aires : Thomson Reuters La Ley, 2014-tRevista anales de legislación argentina. Nº 9 - Septiembre 2025.